000 00789nam a2200253Ia 4500
003 OSt
005 20221005101422.0
006 a|||||r|||| 00| 0
007 ta
008 221004b |||||||| |||| 00| 0 san d
020 _c280
024 _a108285
037 _b98, 23/03/2011, Motilal Banarsidass Publishers Pvt. Ltd.
_cTextual
040 _aCRL
_cCRL
_bsan
041 _2san
_asan
082 _aR625x3,1, 15Q0
100 _aDevanathan K. E. Ed.
_9622195
245 0 _aNyayakusumanjalih
260 _aTirupati
_bHare krishna Satapathy India
_c2010
300 _axlvi, 364p.
_ccm.
650 _aPHILOSOPHY
942 _hR625x3,1, 15Q0
_cTEXL
_2cc
999 _c1006770
_d1006770